000 00692nam a22002177a 4500
999 _c11614
_d11614
003 AR-CdUCM
008 190404b ||||| |||| 00| 0 spa d
040 _aMUNICIPALIDAD PROVINCIAL DEL CUSCO
_cBIBLIOTECA MUNICIPAL DEL CUSCO
082 _a803 /
_bR94 / 1923
100 _aRuimar, Candido
_929068
245 _a¿Quien mato a meco? /
260 _aMadrid :
_bHelénica,
_c1923.
300 _a23 páginas ;
_c18 cm.
440 _aAteneo de Madrid
_929069
505 _aContenido : Al doctor D, Jesús Centeno en Sevilla -- ¿Quien mato a meco? --
650 _aLiteratura
_983
650 _aSiglo XX
_98
650 _aNarrativa
_967
942 _2ddc
_cLIBROS
945 _arah
_d04/04/2019